000 00976 a2200241 4500
001 26393
005 20260407155543.0
008 260407a2013 arg spa d
003 AR-UNSa-BCEJYS
040 _aAR-UNSa-BCEJYS
_bspa
_cAR-UNSa-BCEJYS
080 _a336.2:323.17
_xFederalismo Fiscal
245 1 0 _aConsecuencias económicas y políticas del federalismo fiscal argentino
020 _a978-950-34-1038-7
264 1 _aLa Plata :
_bUniversidad Nacional de la Plata. Facultad de Ciencias Económicas
_c2013
300 _a309 p.
_c22 cm.
505 _a1. Consecuencias políticas - 2. Consecuencias económicas - 3. Relaciones fiscales provincia-municipio
041 _aspa
942 _cBK
590 _aniveau_biblio:m niveau_hierar:0
100 1 _aPorto, Alberto
700 1 _aGervasoni, Carlos
856 4 1 _uhttps://biblioeco.unsa.edu.ar/pmb/images/libros/Consecuencias econ?micas y pol?ticas del federalismo fiscal argentino.jpg
_yImagen de portada
_qimage/jpeg
999 _c1457
_d1457